Negocios / (Registro nro. 7556)

Detalles MARC
000 -LIDER
fixed length control field 00850nam a2200301 a 4500
001 - NÚMERO DE CONTROL
Identificador de número de control 000018812
003 - IDENTIFICACDOR DE NÚMERO DE CONTROL
control field DO-SdBNP
005 - DATE AND TIME OF LATEST TRANSACTION
control field 20210414100509.0
007 - CAMPOS FIJOS DE DESCRIPCIÓN FÍSICA
fixed length control field 000018812
008 - ELEMENTOS DE LONGITUD FIJA
fixed length control field 100519s2010 dr 000 f spa d
020 ## - ISBN
International Standard Book Number 9789945429220
040 ## - FUENTE DE CATALOGACIÓN
Agencia que crea de manera original el registro BPMSU
Idioma de catalogación spa
Agencia que realiza la transcripción BPMSU
082 #4 - NÚMERO DE CLASIFICACIÓN DECIMAL DE DEWEY
Classification number RD863.44
Item number D542ne
Edition number 22
100 1# - ASIENTO PRINCIPAL -- NOMBRE PERSONAL
Nombre personal Díaz, Junot,
Fechas asociadas con el nombre 1968-
240 10 - TITULO UNIFORME
Título uniforme Drown
Idioma de una obra español
245 10 - MENCIÓN DE TITULO
Título Negocios /
Mención de responsabilidad Junot Díaz ; traducción Eduardo Lago.
260 ## - PUBLICACIÓN, DISTRIBUCIÓN, ETC. (PIE DE IMPRENTA)
Lugar de publicación, distribución, etc Santo Domingo :
Nombre del editor, distribuidor, etc. Alfaguara,
Fecha de publicación, distribución, etc 2010.
300 ## - DESCRIPCIÓN FÍSICA
Extensión 200 p. ;
Dimensiones 23 cm.
500 ## - NOTA GENERAL
Materiales especificados Incluye datos biográficos del autor en la solapa de la cubierta
586 ## - AWARDS NOTE
Awards note Premio Pulitzer
590 ## - NOTA LOCAL
Enlace Inventariado, 2021/VM
650 #4 - ENCABEZAMIENTO DE MATERIA--TEMÁTICO
Término temático o nombre geográfico como elemento de entrada Novela dominicana
650 #4 - ENCABEZAMIENTO DE MATERIA--TEMÁTICO
Término temático o nombre geográfico como elemento de entrada Lliteratura dominicana
700 1# - ASIENTO SECUNDARIO -- NOMBRE PERSONAL
Nombre personal Lago, Eduardo,
Mención de responsabilidad tr.
910 ## - VALIDACIÓN
Validación VMateo
942 ## - ADDED ENTRY ELEMENTS (KOHA)
Source of classification or shelving scheme Dewey Decimal Classification
Koha item type Libros
945 ## - INFORMACIÓN DE PROCESAMIENTO LOCAL
Información de procesamiento local
Existencias
Withdrawn status Lost status Source of classification or shelving scheme Damaged status Not for loan Collection code Home library Current library Date acquired Source of acquisition Total Checkouts Full call number Barcode Date last seen Price effective from Koha item type Copy number
    Dewey Decimal Classification     Colección Dominicana Biblioteca Pública Metropolitana Salomé Ureña Biblioteca Pública Metropolitana Salomé Ureña 03/06/2015 Alfaguara   BPMSU CD RD863.44 D542ne 2010 BPMSU15040271 03/06/2015 03/06/2015 Libros  
    Dewey Decimal Classification     Colección Dominicana Biblioteca Pública Metropolitana Salomé Ureña Biblioteca Pública Metropolitana Salomé Ureña 03/06/2015 Algaguara   BPMSU CD RD863.44 D542ne 2010 BPMSU15040272 03/06/2015 03/06/2015 Libros e. 2
    Dewey Decimal Classification     Colección Dominicana Biblioteca Pública Metropolitana Salomé Ureña Biblioteca Pública Metropolitana Salomé Ureña 10/22/2015 Alfaguara   BPMSU CD RD863.44 D542ne 2010 BPMSU15100146 10/22/2015 10/22/2015 Libros e. 3